01350nam a2200325 i 4500001001000000003000900010005001700019007000300036008004100039040003000080049000900110082002400119100003400143245005100177264009700228300002700325336002800352337003500380338003100415490007500446500007100521590002700592650002800619650003100647910003700678942001400715952013600729952014200865999001701007000011080DO-SdBNP20240412074222.0ta091014s1990 dr 000 p spa d aDO-SdBNPbspacBNPHUerda aBNPD 4aRD861.44bM839m2221 aMorel, Tomás,926581eautor10aMi pueblo y otros poemas ... /cTomás Morel. aSantiago de los Caballeros, República Dominicana :bMuseo Folklorico Tomás Morel,c1990. a80 páginasa c21 cm. 2rdacontent atextobtxt 2rdamedia asin mediación bn 2rdacarrier avolumen bnc0 aBiblioteca Popular Dominicana del Museo Folklorico Tomás Morel ;v 1 aIncluye datos biográficos del autor en la solapa de la cubierta. aInventariado, 2023/MFF 4aPoesía dominicana966 0aLiteratura dominicana.967 aValidado. Control de calidad MFF 2ddccLBS1 00102ddc51708PDaBNPHUbBNPHUcHDd2009-10-14l0oBNPHU PD RD861.44 M839mp11080-10r2020-06-25w2020-06-25yLBS1ZNo se presta 00102ddc51708PDaBNPHUbBNPHUcHDd2009-11-19l0oBNPHU PD RD861.44 M839mp11080-20r2020-06-25te. 2w2020-06-25yLBS1ZNo se presta c10805d10805